| 000 | 00711cam a2200193 4500 | ||
|---|---|---|---|
| 001 | WB364022 | ||
| 008 | 000000n2000 000 0 eng u | ||
| 035 | _a(Sirsi) u108730 | ||
| 245 | _aAmendments to PII cover clarified | ||
| 260 | _c2000 | ||
| 490 |
_aCSM _bChartered Surveyor Monthly _vOctober 2000, 4(1) |
||
| 520 | _aDetails the change to professional indemnity insurance cover approved by the RICS General Council on 3 July 2000. The new regulations will take effect for policies renewed on or after 1 January 2001. | ||
| 590 | _aWB | ||
| 650 | _aPROFESSIONAL INDEMNITY INSURANCE | ||
| 650 | _aPROFESSIONAL INDEMNITY INSURANCE | ||
| 650 | _aREGULATIONS | ||
| 690 |
_aInsurance _96249 |
||
| 942 | _n0 | ||
| 999 |
_c64907 _d64907 |
||